Fausto /

Guardado en:
Autor Principal: Campo, Estanislao Del
Formato: Libro
Publicado: Buenos Aires : Kapelusz, 1968
Series:Grandes Obras de la Literatura Universal
Materias:
Etiquetas: Agregar Etiqueta
Sin Etiquetas, Sea el primero en etiquetar este registro!
LEADER 01316nam a22003255a 4500
001 CEM.cems001376
005 20110427095409.0
008 130507s1968##################000#0#####d
003 CEMS
082 0 4 |a A861.2 
100 1 |a Campo, Estanislao Del 
245 1 0 |a Fausto /  |c Estanislao Del Campo 
260 |a Buenos Aires :  |b Kapelusz,  |c 1968 
300 |a 121 p. 
490 0 |a Grandes Obras de la Literatura Universal 
653 |a Literatura 
653 |a Literatura argentina 
653 |a Poesía gauchesca 
653 |a Poesías 
653 |a Poesía argentina 
859 |a CEMS  |b BIB. CEMS - 11 de abril  |h A861.2  |i C157-1  |p 4023.75  |t Ej.10 
859 |a CEMS  |b BIB. CEMS - 11 de abril  |h A861.2  |i C157-1  |p 4024.75  |t Ej.1 
859 |a CEMS  |b BIB. CEMS - 11 de abril  |h A861.2  |i C157-1  |p 4025.75  |t Ej.2 
859 |a CEMS  |b BIB. CEMS - 11 de abril  |h A861.2  |i C157-1  |p 4026.75  |t Ej.3 
859 |a CEMS  |b BIB. CEMS - 11 de abril  |h A861.2  |i C157-1  |p 4027.75  |t Ej.4 
859 |a CEMS  |b BIB. CEMS - 11 de abril  |h A861.2  |i C157-1  |p 4028.75  |t Ej.5 
859 |a CEMS  |b BIB. CEMS - 11 de abril  |h A861.2  |i C157-1  |p 4029.75  |t Ej.6 
859 |a CEMS  |b BIB. CEMS - 11 de abril  |h A861.2  |i C157-1  |p 4030.75  |t Ej.7 
859 |a CEMS  |b BIB. CEMS - 11 de abril  |h A861.2  |i C157-1  |p 4031.75  |t Ej.8 
859 |a CEMS  |b BIB. CEMS - 11 de abril  |h A861.2  |i C157-1  |p 4042.75  |t Ej.9